000 01033cam a22003137a 4500
003 CHAP
005 20220329142232.0
008 000314d1976 mx a r 00010 spa d
010 _a80317
011 _a81289
035 _a91756
040 _cCHAP
090 _aFolleto 15795
110 2 _aInstituto Mexicano del Café
_959263
245 1 0 _aFertilización del cafeto
_c/por Instituto Mexicano del Café
260 _aXalapa, Ver. :
_bInstituto Mexicano del Café. Campo Experimental Garnica,
_c1976.
300 _a5 p. :
_bilus.
490 0 _aFolleto de divulgación
_635
590 _aBATCH-UPD
_b10
_c20130110
_lUCH01
_h1622
590 _aBATCH-UPD
_b10
_c20130410
_lUCH01
_h1016
590 _aBATCH-UPD
_b10
_c20130914
_lUCH01
_h0809
590 _aCONVERSION
_b10
_c20130109
_lUCH01
_h1345
650 1 4 _aCafé
_xFertilización.
_917145
650 1 4 _aFertilizantes para café.
_940608
830 0 _aFolleto de divulgación
_635
_942033
901 _aBK
942 _cFOLL
949 _aFolleto 15795
_bBC
_cFOLL
_d917561
_eTS1
_i91756
_sb
999 _c80317
_d80317